| 000 | 01186cam a2200337 4500 | ||
|---|---|---|---|
| 001 | M1484 | ||
| 008 | 090416 1994 xxk 0 eng | ||
| 035 | _a(Sirsi) u32322 | ||
| 041 | _aeng | ||
| 050 | _a333.332 | ||
| 090 | _aRICS 1994/19ABCD | ||
| 110 |
_aRoyal Institution of Chartered Surveyors _94900 |
||
| 245 | 0 | 4 |
_aThe Mallinson report _breport of the President's Working Party on Commercial Property Valuations |
| 260 |
_aLondon _bRICS _c1994 |
||
| 300 |
_a51p. _c30cm. |
||
| 350 | _a25 | ||
| 520 | _aCover title: The Mallinson Report: Commercial Property Valuations. | ||
| 650 | _aPROPERTY-COMMERCIAL PROPERTY | ||
| 650 | _aMALLINSON REPORT | ||
| 650 | _aPRESIDENTS WORKING PARTY ON COMMERCIAL PROPERTY VALUATIONS | ||
| 650 | _aRICS APPRAISAL AND VALUATION MANUAL | ||
| 650 | _aVALUATION BASES | ||
| 650 | _aVALUATION METHODS | ||
| 650 |
_aValuation _96273 |
||
| 650 | _aWHITE BOOK | ||
| 690 | _aRATING AND VALUATION | ||
| 700 |
_aMallinson, Michael _xChairman |
||
| 856 | 4 | 8 |
_uhttps://www.rics.org/profession-standards/knowledge-and-information-services _zPlease email [email protected], scanned copy available |
| 942 |
_n0 _2ddc |
||
| 948 | _c04/03/1997 | ||
| 999 |
_c89717 _d89717 |
||